|
|
|
|
| LEADER |
00000nam a2200000 a 4500 |
| 001 |
vtls001446886 |
| 003 |
SK-MaSNL |
| 005 |
20260302052038.0 |
| 008 |
251113sm y0 HU r 0 hun |
| 020 |
|
|
|a 9638618140
|
| 035 |
|
|
|a SNK000402141
|
| 040 |
|
|
|a SNK
|b slo
|c SNK
|e AACR2
|
| 043 |
|
|
|a e-hu---
|
| 044 |
|
|
|a HU
|
| 072 |
|
7 |
|a 811.511.1
|x Ugrofínske jazyky
|2 konspekt
|
| 080 |
|
|
|a 811.511.141
|2 1981
|
| 080 |
|
|
|a (439)
|2 1981
|
| 100 |
1 |
|
|a Grétsy, László
|4 aut
|9 708434
|
| 245 |
1 |
|
|a Anyanyelvi őrjárat
|c Grétsy László
|n (II)
|
| 260 |
|
|
|a Budapest
|b Nemzet
|c 2002
|
| 300 |
|
|
|a 220 s.
|c 15 cm
|
| 490 |
1 |
|
|a Szabad Föld Kiskönyvtár
|v 23
|x 1416-5600
|
| 650 |
0 |
7 |
|a maďarčina
|z Maďarsko
|2 SNK
|9 708435
|
| 655 |
|
7 |
|a prehľady
|2 SNK
|9 70194
|
| 830 |
|
0 |
|a Szabad Föld Kiskönyvtár
|9 708436
|
| 919 |
|
|
|a 963-86181-4-0
|
| 999 |
|
|
|c 1103557
|d 1105487
|
| 952 |
|
|
|t P60, <04>, [BOOK], {604}
|a SNK
|b SNK
|y VYP
|7 0
|p 17A0378164
|o snkIE 9784/2
|i snkV 710/2003
|0 0
|1 0
|4 0
|d 2003-04-17
|l 0
|r 2005-01-02 00:00:00
|w 2026-02-24
|